Teen Wolf Characters - Statistics

General Stats
  • This quiz has been taken 2,591 times
    2,553 since last reset
  • The average score is 25 of 47
Answer Stats
Hint Answer % Correct
Tyler Posey Scott McCall
100%
Crystal Reed Allison Argent
99%
Holland Roden Lydia Martin
99%
Dylan O'Brien Stiles Stilinski
99%
Tyler Hoechlin Derek Hale
98%
Shelly Hennig Malia Tate
96%
Colton Haynes Jackson Whittemore
95%
Arden Cho Kira Yukimura
95%
Dylan Sprayberry Liam Dunbar
92%
Ian Bohen Peter Hale
92%
J R Bourne Chris Argent
89%
Max Carver Aiden
88%
Charlie Carver Ethan
87%
Daniel Sharman Isaac Lahey
81%
Khylin Rhambo Mason
76%
Melissa Ponzio Melissa McCall
75%
Jill Wagner Kate Argent
71%
Liden Ashby Sheriff Stilinski
68%
Gage Golightly Erica Reyes
65%
Sinqua Walls Vernon Boyd
64%
Keahu Kahuanui Danny Mahealani
58%
Ryan Kelley Deputy Parrish
54%
Adelaide Kane Cora Hale
53%
Seth Gilliam Alan Deaton
52%
Gideon Emery Deucalion
45%
Orny Adams Bobby Finstock
41%
Michael Hogan Gerard Argent
41%
Meagan Tandy Braeden
38%
Eaddy Mays Victoria Argent
38%
Felisha Terrell Kali
36%
Stephen Lunsford Matt Daehler
32%
Mason Dye Garret
28%
Haley Webb Jennifer Blake
27%
Brian Patrick Wade Ennis
22%
Bianca Lawson Marin Morrell
21%
Haley Roe Murphy Laura Hale
20%
Alicia Coppola Talia Hale
19%
Tom T. Choi Ken Yukimura
18%
Matthew Del Negro Rafael McCall
18%
Tamlyn Tomita Noshiko Yukimura
17%
Madison Blaine McLaughlin Paige Krasikeva
15%
Adam Fristoe Adrian Harris
12%
Samantha Logan Violet
11%
Ivonne Coll Araya Calavera
9%
John Wesley Shipp Mr. Lahey
8%
Todd Stashwick Mr. Tate
6%
Glenn McCuen Sean Walcott
5%
No matching quizzes found
Score Distribution
Percent of People with Each Score
Percentile by Number Answered
Your Score History
You have not taken this quiz since the last reset